<The> Polish commercial code

Saved in:
Bibliographic Details
Other Authors: Gratkowska, Irena, Rakk, Tomasz
Format: Book
Language:English
Published: Warsaw Tepis Publishing House 1998
Edition:2. rev. ed.
Subjects:
Tags: Add Tag
No Tags, Be the first to tag this record!

MARC

LEADER 00000nam a2200000 4500
001 c120319
005 20221221084550.7
020 |a 83-85430-46-6 
041 0 |a eng 
044 |a PL 
245 1 0 |a <The> Polish commercial code  |c Translators: Irena Gratkowska, Tomasz Rakk 
250 |a 2. rev. ed. 
264 1 |a Warsaw  |b Tepis Publishing House  |c 1998 
300 |a 227 s. 
500 |a The law is stated as at 15th february 1998. 
610 2 0 |a legislatíva 
610 2 0 |a obchod 
610 2 0 |a právo obchodné 
610 2 0 |a zákonník obchodný 
610 2 0 |a Poľsko 
700 1 |a Gratkowska, Irena 
700 1 |a Rakk, Tomasz